Yoshino /

Uloženo v:
Podrobná bibliografie
Hlavní autor: Tanizaki, Junʼichirō (Autor)
Další autoři: Boscaro, Adriana
Médium: Kniha
Jazyk:italština
Vydáno: Venezia : Marsilio, ©1998
Edice:Mille gru
Letteratura universale Marsilio
Tagy: Přidat tag
Žádné tagy, Buďte první, kdo vytvoří štítek k tomuto záznamu!

MARC

LEADER 00000nam a2200000 i 4500
001 IT\ICCU\IEI\0120408
003 ItRI
005 20250302220830.0
008 980331s1998 it |||||| ||||| |||||c
020 |a 8831768972 
040 |b ita  |c Arcigay Rimini 
041 7 |a ita  |2 ISO-639-2 
082 |a 895.635  |2 19 
100 1 |a Tanizaki, Junʼichirō  |0 IT\ICCU\CFIV\004907  |4 aut 
240 1 0 |a Yoshino-kuzu.  |9 Tanizaki, Junʼichirō 
245 1 0 |a Yoshino /  |c Tanizaki Junʼichirō ; a cura di Adriana Boscaro. 
260 |a Venezia :  |b Marsilio,  |c ©1998 
300 |a 140 p. ;  |c 19 cm 
500 |a Trad. di A. Boscaro. 
700 1 |a Boscaro, Adriana  |0 IT\ICCU\CFIV\034509 
830 0 |a Mille gru  |0 IT\ICCU\CFI\0171703 
830 0 |a Letteratura universale Marsilio  |0 IT\ICCU\CFI\0504926 
942 |2 ddc  |c BK 
952 |0 0  |1 0  |2 ddc  |4 0  |6 895_635000000000000_JUN_YOS  |7 1  |9 3577  |a RN  |b RN  |d 2025-03-02  |l 0  |o 895.635 JUN YOS  |p 10836  |r 2025-03-02 22:08:57  |w 2025-03-02  |y BK 
981 1 |6 z01  |a i   |b xxxe  
982 1 |6 z01  |a n 
999 |c 2780  |d 2780